=LDR 00000nam 2200000 4500 =001 INLIS000000000044507 =005 20131008105948 =008 ***********************************Ind** =035 ##$$0010-101300000002429 =041 ##$$a Ind =082 ##$$a 658 =090 ##$$a 658 , Min s =100 ##$$a Mintzberg, Henry =245 ##$$a The Strategy Process , Henry Mintzberg =300 ##$$a 600 hlm , ilus , 25 cm =850 ##$$a NBPNMAT